| 000 | 00665nam a2200217 ar4500 | ||
|---|---|---|---|
| 001 | 3875 | ||
| 005 | 20221127090829.0 | ||
| 008 | 140603s xxua 00110|eng d | ||
| 020 | _a9780307341518(hpb) | ||
| 082 | 0 | 4 |
_a658.4092 _bC37 2007 |
| 100 | 1 | _aCharan, Ram. | |
| 245 | 1 | 0 |
_aKnow-how : _bthe 8 skills that separate people who perform from those who don't / _cRam Charan, with Geri Willigan. |
| 250 | _a1st ed. | ||
| 260 |
_aNew York : _bCrown Business, _c2007. |
||
| 300 |
_a290 p. : _bill. ; _c24 cm. |
||
| 500 | _aIncludes index. | ||
| 650 | 4 | _aLeadership. | |
| 650 | 4 | _aManagement. | |
| 650 | 4 | _aSuccess in business. | |
| 700 | 0 |
_aWilligan, Geri, _ejt. auth. |
|
| 999 |
_c3873 _d3873 |
||